000 00751nam a22002777a 4500
001 BR9405605
003 BR-BrBNA
005 20230928094323.0
007 ta
008 230509b bl.||||| |||| 00| 0 por d
040 _aBR-BrBNA
_bpor
_cBiblioteca Nacional de Agricultura
041 _a(Por)
072 _aE40; E21
090 _ E40 BR9405605
100 1 _aCoradini, O.L.
100 1 _aFredericq, A.
245 1 _aAgricultura, cooperativas e multinacionais
260 3 _aRio de Janeiro, RJ (Brasil):
_bZahar,
_c1981.
300 _a184 p.
500 _a35 ref.; 7 tables
650 _aCooperativa de Produtores
650 _aExploracao Agricola
650 _aIndustria Agricola
909 _a202309
_bLucia
_c55
_dLucia Elande
942 _cBK
999 _c50045
_d50045